| 000 | 00395nam a22001577a 4500 | ||
|---|---|---|---|
| 003 | macl | ||
| 005 | 20230224131139.0 | ||
| 008 | 230224b |||||||| |||| 00| 0 eng d | ||
| 040 | _cmacl | ||
| 082 | _a330/SEN | ||
| 100 |
_aSandip Sen _981763 |
||
| 245 | _aIndia Emerging form policy Paralysis to Hyper Economics | ||
| 260 |
_aDelhi _bBloomsbury _c2019 |
||
| 650 | _aEconomics | ||
| 942 |
_2ddc _cBK |
||
| 999 |
_c65926 _d65926 |
||